Country Flags Most Similar to Austria - Statistics

General Stats
  • This quiz has been taken 2,734 times
    2,720 since last reset
  • The average score is 7 of 7
Answer Stats
Picture Answer % Correct
Lebanon
99%
Poland
99%
Indonesia
95%
Latvia
95%
Monaco
93%
Peru
92%
Singapore
92%
No matching quizzes found
Score Distribution
Percent of People with Each Score
Percentile by Number Answered
Your Score History
You have not taken this quiz since the last reset